Crop production / (Record no. 39914)
[ view plain ]
| 000 -LEADER | |
|---|---|
| fixed length control field | 00675nam a22002177a 4500 |
| 005 - DATE AND TIME OF LATEST TRANSACTION | |
| control field | 2010080608208.0 |
| 010 ## - LCCN (DPL NO) | |
| LC control number | ENG-98600 |
| 020 ## - INTERNATIONAL STANDARD BOOK NUMBER | |
| International Standard Book Number | 8187957077 |
| Terms of availability | 150.00 |
| 035 ## - SYSTEM CONTROL NUMBER | |
| System control number | EN-82133 |
| 037 ## - SOURCE OF ACQUISITION | |
| Source of stock number/acquisition | DBAD/PUB |
| 082 ## - DEWEY DECIMAL CLASSIFICATION NUMBER | |
| Classification number | 633 |
| 100 ## - MAIN ENTRY--PERSONAL NAME | |
| Personal name | Pavadai, P. |
| 245 ## - TITLE STATEMENT | |
| Title | Crop production / |
| Statement of responsibility, etc | by P. Pavadai |
| 260 ## - PUBLICATION, DISTRIBUTION, ETC. (IMPRINT) | |
| Place of publication, distribution, etc | Puducherry |
| Name of publisher, distributor, etc | Virat Publications |
| Date of publication, distribution, etc | 2008 |
| 270 ## - ADDRESS | |
| Address | 9 Main Road, Kumarapalayam |
| City | Puducherry |
| 300 ## - PHYSICAL DESCRIPTION | |
| Extent | 108p. |
| Dimensions | 20cm (pbk) |
| 650 ## - SUBJECT ADDED ENTRY--TOPICAL TERM | |
| Topical term or geographic name as entry element | Agriculture |
| 650 ## - SUBJECT ADDED ENTRY--TOPICAL TERM | |
| Topical term or geographic name as entry element | Field crop |
| 942 ## - ADDED ENTRY ELEMENTS (KOHA) | |
| Source of classification or shelving scheme | Dewey Decimal Classification |
| Item type | English Books |
| Classification part | 633 |
| Call number suffix | PAV |
| Withdrawn status | Lost status | Not for loan | Collection code | Home library | Current library | Date acquired | Source of acquisition | Cost, normal purchase price | Full call number | Barcode | Copy number | Cost, replacement price | Koha item type |
|---|---|---|---|---|---|---|---|---|---|---|---|---|---|
| Not For Loan | Non-fiction | D.B.Act.Division | D.B.Act.Division | 06/08/2010 | DBAD/PUB | 150.00 | 633 PAV | EN-82133 | 1 | 150.00 | English Books |
